Responses for Show #1466 - Monday, January 7, 1991

Contestants

[<< previous game]

Lorraine Miller, a dental hygenist from Gillette, Wyoming

John Gardner, a technical data manager originally from Lost Nation, Iowa

Jerry Standlee, an air traffic controller from Fort Worth, Texas (whose 2-day cash winnings total $16,000)

[next game >>]

Jeopardy! Round responses

1972
11-LETTER WORDS
INVENTIONS
COMPOSERS
TV TRIVIA
FISH
    $100 11
the FBI

Jerry
    $100 22
anniversary

Jerry
    $100 16
(Thomas) Edison

Jerry
    $100 21
(Jerry: What is television?)

radio

JerryLorraine
    $100 1
(Lorraine: What was the Korean War?)

World War II

JerryLorraine
    $100 6
tail

Jerry
    $200 12
Howard Hughes

Jerry
    $200 23
"Abracadabra"

Lorraine
    $200 17
escalator

John
    $200 27
oratorios

John
    $200 2
Designing Women

Jerry
    $200 7
whiskers

Jerry
    $300 13
George Wallace

John
    $300 24
(Alex: And we have a minute to go.)

orientation

John
    $300 18
(hypodermic) needle

John
    $300 28
(Lorraine: What is Munich?)

Berlin

JerryLorraine
    $300 3
Suzanne Somers

Lorraine
    $300 8
(Lorraine: What is a fin?)

bladder

JerryLorraine
    $400 14
the Navy

John
    $400 25
(Jerry: What is monolingualism?)

monolingual

JerryLorraine
    $400 19
cement

Jerry
    $400 29
Stevie Wonder

Jerry
    $400 4
(John: What is "The Munsters?")
(Lorraine: Who is Lily Munster?)

Morticia Addams

JohnLorraine
Triple Stumper
    $400 9
shark

Jerry
    $500 15
Ilie Nastase

Jerry
    $500 26
centripetal force

Jerry
    $500 20
Charles Goodyear

Jerry
    $500 30
Rudolf Friml

Triple Stumper
    $400 5
(Lorraine: Who is Doug McClure?)

Richard Boone (as "Paladin" in Have Gun – Will Travel)

Lorraine
    $500 10
cartilage

Jerry

Scores at the first commercial break (after clue 13):

Jerry John Lorraine
$2,100 -$100 -$900

Scores at the end of the Jeopardy! Round:

Jerry John Lorraine
$4,400 $1,300 -$500

Double Jeopardy! Round responses

CONTEMPORARY BOOKS
SCULPTURE
COLLEGES & UNIVERSITIES
INDIA
GEOLOGY
SOUP DU JOUR
    $200 26
Dian Fossey

Jerry
    $200 14
(John F.) Kennedy

John
    $200 9
Washington, D.C.

Jerry
    $200 5
the Ganges

John
    $200 17
trenches

Lorraine
    $200 1
minestrone

John
    $4,000 27
Princess Daisy

Jerry
    $400 15
Peter Pan

Jerry
    $400 10
(John: What is Drexel?)

the University of Pennsylvania

John
Triple Stumper
    $400 6
(Jerry: Who was Gandhi?)

Nehru

JerryLorraine
    $400 18
icebergs

Jerry
    $400 2
New England clam chowder

John
    $600 28
Roxanne Pulitzer

Lorraine
    $2,500 22
(Frederic) Remington

Jerry
    $600 11
Virginia

Jerry
    $600 7
Bombay (Mumbai)

John
    $600 19
(John: What is aggregate?)
(Lorraine: What is an amalgamation?)

a conglomerate

JohnLorraine
Triple Stumper
    $600 3
(Jerry: What is potato?)
(John: What is vichyssoise?)
(Lorraine: What is borscht?)

pea soup

JerryJohnLorraine
Triple Stumper
    $800 29
[The end-of-round signal sounds.]

(Andrew) Greeley

Lorraine
    $800 23
Degas

Jerry
    $800 12
Providence, Rhode Island

John
    $800 8
Kashmir

Triple Stumper
    $800 20
ore

John
    $800 4
cock-a-leekie

Triple Stumper
    $1000 24
(Alex: And we have a minute to go.)

The Kiss

John
    $1000 13
(John: What is Rutgers?)

Amherst

John
Triple Stumper
    $1000 16
Sikhs

Jerry
    $1000 21
mammals

Jerry
    $1000 25
albondigas

Lorraine

Scores at the end of the Double Jeopardy! Round:

Jerry John Lorraine
$14,500 $2,900 $1,300
(lock game)

[wagering suggestions for these scores]

Final Jeopardy! Round responses

ISLANDS
(Alex: Baffin Island, Ellesmere Island & Victoria Island belong to [*].)
LorraineWhat is Russia?
$350
JohnWhat is Canada?
$2,800
JerryWhat is Denmark?
$8,000
Canada

Final scores:

Jerry John Lorraine
$6,500 $5,700 $950
3-day champion: $22,500 2nd place: a trip to the Cayman Islands 3rd place: a Maytag washer & dryer combo

Game dynamics:

Coryat scores:

Jerry John Lorraine
$9,000 $2,900 $1,700
27 R
(including 2 DDs),
4 W
14 R,
5 W
9 R,
7 W
(including 1 DD)

Combined Coryat: $13,600

[game clues] [game scores] [suggest correction]

Game tape date: 1990-10-09
The J! Archive is created by fans, for fans. Scraping, republication, monetization, and malicious use prohibited; this site may use cookies and collect identifying information. See terms. The Jeopardy! game show and all elements thereof, including but not limited to copyright and trademark thereto, are the property of Jeopardy Productions, Inc. and are protected under law. This website is not affiliated with, sponsored by, or operated by Jeopardy Productions, Inc. Join the discussion at JBoard.tv.